书目信息 |
| 题名: |
番茄、茄子、辣椒病虫害鉴别与防治技术图解
|
|
| 作者: | 郭书普 主编 | |
| 分册: | ||
| 出版信息: | 北京 化学工业出版社 2012 |
|
| 页数: | 216页 | |
| 开本: | 21cm | |
| 丛书名: | ||
| 单 册: | ||
| 中图分类: | S436.41-64 | |
| 科图分类: | ||
| 主题词: | 番茄--病虫害防治--图解 , 茄子--病虫害防治--图解 , 辣椒--病虫害防治--图解 , 番茄 , 病虫害防治 , 茄子 , 辣椒 | |
| 电子资源: | ||
| ISBN: | 978-7-122-13325-0 | |
| 000 | 01087nam0 2200301 450 | |
| 001 | 012015000030 | |
| 005 | 20150914161542.56 | |
| 010 | @a978-7-122-13325-0@dCNY35.00 | |
| 100 | @a20120601d2012 em y0chiy50 ea | |
| 101 | 0 | @achi |
| 102 | @aCN@b110000 | |
| 105 | @aa z 000yy | |
| 106 | @ar | |
| 200 | 1 | @a番茄、茄子、辣椒病虫害鉴别与防治技术图解@Afan qie、 qie zi、 la jiao bing chong hai jian bie yu fang zhi ji shu tu jie@f郭书普主编 |
| 210 | @a北京@c化学工业出版社@d2012 | |
| 215 | @a216页@d21cm | |
| 330 | @a本书收录了番茄、茄子、辣椒常见病虫害145种,其中病害125种,虫害20种。病害部分介绍了发生与危害、症状识别、病原、传播途径、发生规律以及综合防治措施;虫害部分介绍了发生与寄主,危害特征、形态识别、发生特点、综合防治。 | |
| 606 | 0 | @a番茄@x病虫害防治@j图解 |
| 606 | 0 | @a茄子@x病虫害防治@j图解 |
| 606 | 0 | @a辣椒@x病虫害防治@j图解 |
| 606 | 0 | @a番茄 |
| 606 | 0 | @a病虫害防治 |
| 606 | 0 | @a茄子 |
| 606 | 0 | @a辣椒 |
| 690 | @aS436.41-64@v5 | |
| 701 | 0 | @a郭书普@Aguo shu pu@f(1959~)@4主编 |
| 801 | 0 | @aCN@b碧洲教育@c20150716 |
| 905 | @a10447@f4@dS436.41-64@e98 | |
| 番茄、茄子、辣椒病虫害鉴别与防治技术图解/郭书普主编.-北京:化学工业出版社,2012 |
| 216页;21cm |
| ISBN 978-7-122-13325-0:CNY35.00 |
| 本书收录了番茄、茄子、辣椒常见病虫害145种,其中病害125种,虫害20种。病害部分介绍了发生与危害、症状识别、病原、传播途径、发生规律以及综合防治措施;虫害部分介绍了发生与寄主,危害特征、形态识别、发生特点、综合防治。 |
| ● |
| 相关链接 |
|
|
|
|
正题名:番茄、茄子、辣椒病虫害鉴别与防治技术图解
索取号:S436.41-64/98
 
预约/预借
| 序号 | 登录号 | 条形码 | 馆藏地/架位号 | 状态 | 备注 |
| 1 | 0870880 | 208708807 | 第二样本阅览室/ [索取号:S436.41-64/98] | 在馆 | |
| 2 | 0870881 | 208708816 | 第三借阅区/ [索取号:S436.41-64/98] | 在馆 | |
| 3 | 0870882 | 208708825 | 第三借阅区/ [索取号:S436.41-64/98] | 在馆 | |
| 4 | 0870883 | 208708834 | 密集书库-生命科学系/ [索取号:S436.41-64/98] | 在馆 |